000
00222nam a2200097Ia 4500
008
220204s9999 xx 000 0 und d
082
_a
82-3
_b
JOH
100
_a
Johns, W E
245
0
_a
Biggles in the south seas
942
_c
BK
999
_c
32713
_d
32713